000 00869nam a22003137a 4500
003 DO-SdBNP
005 20171205125633.0
008 060721 1982 sp spa
017 _a
_b
020 _a8437603641
035 _a
040 _aBPMSU
_bspa
_cBPMSU
_e
082 _a
_b
092 _axxxx
_bxxxx
_2
100 1 _aMarsé, Juan
_d1933-
245 1 0 _aSi te dicen que caí /
_h
_cJuan Marsé ; edición William M. Sherzer
260 _aMadrid :
_bCátedra,
_c1982.
_e
_f
300 _a368 p. ;
_c19 cm.
490 0 _aLetras hispánicas
650 _2NOVELA INGLESA
650 4 _2MAGIA - NOVELA
650 4 _2NOVELA JUVENIL INGLESA
700 1 _aSherzer, William M.
_eed.
830 0 _aLetras hispánicas
942 _2ddc
_cBK
945 _ainventariado extranjero / DG
956 _aYLOCKWARD
_210
_6BPMSU
_800144
980 _a
_a
_b
_j
_c
999 _c12799
_d12799